| 000 | 00476nam a2200157Ia 4500 | ||
|---|---|---|---|
| 005 | 20260430133800.0 | ||
| 008 | 260429s9999||||xx |||||||||||||| ||und|| | ||
| 020 | _a9789392798030 | ||
| 082 |
_a363.738 _bVEL |
||
| 100 | _aVelmurgan, P. S. | ||
| 245 | 0 |
_aImpact of climate change : _bmitigation and adaptation / _cP. S. Velmurgan |
|
| 260 |
_aNew Delhi : _bSSDN Publishers & Distributors, _c2023. |
||
| 300 | _axii, 255 p.; hb | ||
| 700 | _a Nagarajan, S. | ||
| 942 | _cFACULTY | ||
| 999 |
_c53984 _d53984 |
||